Epitaph to indirect rule : a discourse on local government in Africa /

Gespeichert in:
Bibliographische Detailangaben
1. Verfasser: Akpan, Ntieyong U.
Format: Buch
Sprache:English
Veröffentlicht: London : Cassell, 1956.
Schlagworte:
LEADER 00976nam a2200265 a 4500
001 c000178165
003 CARM
005 19830912000000.0
008 830805s1956 enk b 001 0 eng d
019 1 |a 2683905  |z 28330251  |5 LACONCORD2021 
035 |a (OCoLC)993043  |5 LACONCORD2021 
040 |a VU  |b eng  |c VU  |d VU 
043 |a f------ 
082 0 4 |a 352.09/6  |2 19 
100 1 |a Akpan, Ntieyong U. 
245 1 0 |a Epitaph to indirect rule :  |b a discourse on local government in Africa /  |c by Ntieyong U. Akpan. 
260 |a London :  |b Cassell,  |c 1956. 
300 |a 204 p. ;  |c 19 cm. 
500 |a Includes index. 
504 |a Bibliography: p. 197. 
650 0 |a Local government  |z Africa. 
650 0 |a Local government  |z Great Britain  |x Colonies. 
852 8 |b CARM  |h A2:AG34H0  |i A02934  |p 0241957  |f BK 
999 f f |i 3bbcb88e-ea92-5b09-8bdc-3e9d40bb05f0  |s 61179568-412c-502b-bffb-61a5081a6a90 
952 f f |p Can circulate  |a CAVAL  |b CAVAL  |c CAVAL  |d CARM 1 Store  |e A02934  |f A2:AG34H0  |h Other scheme  |i book  |m 0241957